Customer loyalty : (Record no. 83348)

MARC details
000 -LEADER
fixed length control field 00676nam a22002177a 4500
005 - DATE AND TIME OF LATEST TRANSACTION
control field 20140708144210.0
010 ## - LCCN (DPL NO)
LC control number ENG-109679
020 ## - INTERNATIONAL STANDARD BOOK NUMBER
International Standard Book Number 9789332902718
Terms of availability 399.00
020 ## - INTERNATIONAL STANDARD BOOK NUMBER
International Standard Book Number 9332902712
Terms of availability 399.00
035 ## - SYSTEM CONTROL NUMBER
System control number EN-93212
037 ## - SOURCE OF ACQUISITION
Source of stock number/acquisition DBAD/PUB
082 ## - DEWEY DECIMAL CLASSIFICATION NUMBER
Classification number 658.812
100 ## - MAIN ENTRY--PERSONAL NAME
Personal name Rai, Alok Kumar
245 00 - TITLE STATEMENT
Title Customer loyalty :
Statement of responsibility, etc by Alok Kumar Rai [and] Medha Srivastava
Remainder of title concept, context and character /
260 ## - PUBLICATION, DISTRIBUTION, ETC. (IMPRINT)
Place of publication, distribution, etc New Delhi
Name of publisher, distributor, etc McGraw Hill Education
Date of publication, distribution, etc 2014
270 ## - ADDRESS
Address P-24, Green Park Extn.
City New Delhi
Postal code 110016
300 ## - PHYSICAL DESCRIPTION
Extent xvi,304p.
Dimensions 24cm(pbk)
500 ## - GENERAL NOTE
General note Includes index
700 ## - ADDED ENTRY--PERSONAL NAME
Personal name Srivastava, Medha
942 ## - ADDED ENTRY ELEMENTS (KOHA)
Source of classification or shelving scheme Dewey Decimal Classification
Item type English Books
Call number suffix RAI
Classification part 658.812
Holdings
Withdrawn status Lost status Not for loan Collection code Home library Current library Date acquired Source of acquisition Cost, normal purchase price Full call number Barcode Copy number Cost, replacement price Koha item type
    Not For Loan Non-fiction D.B.Act.Division D.B.Act.Division 09/04/2014 DBAD/PUB 399.00 658.812 RAI EN-93212 1 399.00 English Books

© Delhi Public Library
Hit Counter
free hit counter